| 000 | 01482cam a2200421 a 4500 | ||
|---|---|---|---|
| 001 | 9684485 | ||
| 003 | Nust- CAS-E | ||
| 005 | 20180118181407.0 | ||
| 006 | m u | ||
| 007 | cr cn||||||||| | ||
| 008 | 110304s2011 enkad sb 001 0 eng d | ||
| 010 | _z 2011007847 | ||
| 020 | _z9780470745793 (cloth) | ||
| 020 | _z9780470745786 (pbk.) | ||
| 020 | _z9781119970958 (oBook) | ||
| 020 | _z9781119972860 (ePub) | ||
| 020 | _z9781119972877 (eMobi) | ||
| 020 | _z9781119970965 (e-book) | ||
| 035 | _a(CaPaEBR)ebr10483286 | ||
| 035 | _a(NNC)9684485 | ||
| 040 |
_aCaPaEBR _cCaPaEBR |
||
| 050 | 1 | 4 |
_aQC793.5.E627 _bW55 2011eb |
| 082 | 0 | 4 |
_a539.7 _222 _bWil 2011 |
| 100 | 1 |
_aWillmott, Phil _q(Phil R.) |
|
| 245 | 1 | 3 |
_aAn introduction to synchrotron radiation _h[electronic resource] : _btechniques and applications / _cPhil Willmott. |
| 260 |
_aChichester, West Sussex, U.K. : _bWiley, _c2011. |
||
| 300 |
_axiv, p. : _bill. (chiefly col.) |
||
| 502 | _a0 | ||
| 504 | _aIncludes bibliographical references and index. | ||
| 533 |
_aElectronic reproduction. _bPalo Alto, Calif. : _cebrary, _d2011. _nAvailable via World Wide Web. _nAccess may be limited to ebrary affiliated libraries. |
||
| 650 | 0 | _aSynchrotron radiation. | |
| 650 | 0 | _aX-ray optics. | |
| 655 | 7 |
_aElectronic books. _2local |
|
| 710 | 2 | _aebrary, Inc. | |
| 856 | 4 | 0 |
_uhttp://www.columbia.edu/cgi-bin/cul/resolve?clio9684485 _zClick here for full text. |
| 942 |
_2ddc _cBK |
||
| 999 |
_c355633 _d355633 |
||